00464nam a2200109Ia 4500008004100000050002300041100003100064245013000095260008600225300002800311521001500339140724s9999 xx 000 0 und d aNC 997b.C264 2010 aCarbonell, Mario Joesef T. a"Filipino Advertising" :ban informercial on the identity of Filipino in Philippine advertising /cMario Joesef T. Carbonell. aLas Piñas, Philippines :bSouthville International School and Colleges,cc2010. a53 p. :bill. ;c28 cm. aMedia Arts